Традиционная культура Южной Кореи: методы популяризации; Актуальные проблемы гуманитарных наук

Bibliographische Detailangaben
Parent link:Актуальные проблемы гуманитарных наук.— 2010.— С. 332-335
1. Verfasser: Карманова Е. А.
Sprache:Russisch
Veröffentlicht: 2010
Schlagworte:
Format: MixedMaterials Buchkapitel
KOHA link:https://koha.lib.tpu.ru/cgi-bin/koha/opac-detail.pl?biblionumber=193723

MARC

LEADER 00000naa2a2200000 4500
001 193723
005 20231031182028.0
035 |a (RuTPU)RU\TPU\book\211270 
090 |a 193723 
100 |a 20110328d2010 k y0rusy50 ca 
101 0 |a rus 
102 |a RU 
200 1 |a Традиционная культура Южной Кореи: методы популяризации  |f Е. А. Карманова 
320 |a Библиогр.: 7 назв. 
463 0 |0 (RuTPU)RU\TPU\book\205127  |y 978-5-98298-643-6  |t Актуальные проблемы гуманитарных наук  |o сборник трудов IX Международной научно-практической конференции студентов, аспирантов и молодых ученых, 22-23 апреля 2010 г., Томск  |f Национальный исследовательский Томский политехнический университет (ТПУ)  |v С. 332-335  |d 2010  |p 564 с. 
610 1 |a Южная Корея 
610 1 |a культура 
610 1 |a традиции 
610 1 |a популяризация 
610 1 |a восточное искусство 
610 1 |a фестивали 
610 1 |a труды учёных ТПУ 
700 1 |a Карманова  |b Е. А. 
801 1 |a RU  |b 63413507  |c 20110328 
801 2 |a RU  |b 63413507  |c 20110328  |g RCR 
942 |c BK